| 000 | 00710nam a2200229 a 4500 | ||
|---|---|---|---|
| 001 | BRCA_5209 | ||
| 005 | 20190320205002.0 | ||
| 008 | 261110s1933----mx-#######---#000-0#spa-# | ||
| 041 | _aspa | ||
| 044 | _amx | ||
| 050 | 4 |
_aF1386 _b.B46 1933 |
|
| 100 | 1 |
_aBenítez, José R. _97390 |
|
| 245 | 1 | 0 |
_aAlonso García Bravo _bplaneador de la ciudad de México y su primer director de obras públicas _cJosé R. Benitez. |
| 260 |
_aMéxico _bCompañía de Fomento y Urbanización _c1933 |
||
| 300 |
_a29 p. _c23 cm. |
||
| 500 | _aE42 | ||
| 600 | 1 | 4 |
_aGarcía Bravo, Alonso _913337 |
| 651 | 4 |
_aMéxico (Ciudad) _xDescripción _96858 |
|
| 651 | 4 |
_aMéxico (Ciudad) _xHistoria _95378 |
|
| 902 | _aGFM | ||
| 942 |
_2lcc _cB |
||
| 999 |
_c4903 _d4903 |
||